01239nam a2200265 i 450000100060000000300090000600500170001500700030003200800410003510000280007624503250010425000120042926000310044130000290047249000490050150400320055060000390058260000570062170000420067870000260072083000570074685200320080399900170083595201210085246245ES-MaACL20251003191626.0t|030328s1973 fr ||||1| fre d1 aCombes, André.93996910aJean Gerson, commentateur dionysien b: les "Notulae super quaedam verba Dionysii de Caelesti Hierarchia"...: démonstration de son authenticité: appendices historiques pour l'histoire des courants doctrinaux a l'Université de Paris a la fin du XIVe siècle / cpar André Combes... ; préface de Etienne Gilson. a2ª ed. aParis : bJ. Vrin, c1973. aXVIII, 732 p. ; c26 cm.1 aÉtudes de philosophie médiévale ; v30 aBibliografía: p. 689-713.04aPseudo Dionisio Areopagita.99410214aGerson, Jean-xCrítica e interpretación.91645531 aGilson, Étienne, d1884-19789570151 aGerson, Jean.91645540 aÉtudes de philosophie médiévale ; v309183352 aES-MaACLjG-7027 bR.113799 c46245d46245 00104070aATENEOMbATENEOMcDEPO2d2008-01-17eSCl0oG-7027p1048642r2023-02-23 00:00:00w2023-02-23yMONOGRAFIA